Répliques de film "La Cité de la Peur" - Statistiques

Statistiques générales
  • Ce quiz a été pris 229 fois
  • Le résultat moyen est 10 sur 14
Statistiques - réponses
Hint Réponse % Correct
Quand je suis content, je (?) vomis
96%
Prenez un (?), Emile. Chewing gum
88%
On peut tromper (?) fois, une personne 1000
87%
Mais on ne peut pas tromper 1000 fois (?) personnes 1000
87%
Parlez moi de vous (?). Non, moi c'est Odile ; (?) c'est le chien de Mickey. Plutôt / Pluto
87%
Mais mon (?) est mort par contre, alors si je pouvais dormir chez toi juste pour avoir une présence, un compagnon pour pas être seul. - Ça fait 3 fois qu'il est mort ton (?). - Oui, mais il a beaucoup souffert ! chien
85%
Non, je suis le (?) pape
83%
et j'attends ma (?) soeur
79%
Meurs, pourriture (?) communiste
70%
ça va (?) Chérie ! couper
70%
Simon, t'as un bout de (?) sur la joue pomme de terre
65%
Vous (?), Martoni bluffez
64%
Et là, je suis (?) super content
37%
Je m'occupais du festival (?) Moutarde et cinéma
16%
Aucun quiz correspondant
Distribution des résultats
% des personnes avec chaque résultat
Percentile par nombre de réponses
Votre historique - résultats
Vous n’avez pas pris ce quiz